<?xml version="1.0" encoding="UTF-8"?>
<collection xmlns="http://www.loc.gov/MARC21/slim">
 <record>
  <leader>01996nam a22002417a 4500</leader>
  <controlfield tag="001">NCT_30846</controlfield>
  <controlfield tag="008">180417b        xxu||||| |||| 00| 0 vie d</controlfield>
  <datafield tag="999" ind1=" " ind2=" ">
   <subfield code="c">1484</subfield>
   <subfield code="d">1484</subfield>
  </datafield>
  <datafield tag="020" ind1=" " ind2=" ">
   <subfield code="c">24000</subfield>
  </datafield>
  <datafield tag="082" ind1="0" ind2="4">
   <subfield code="2">23rd ed.</subfield>
   <subfield code="a">338.4</subfield>
   <subfield code="b">Ch506</subfield>
  </datafield>
  <datafield tag="100" ind1="1" ind2=" ">
   <subfield code="a">Nguyễn Thị Kim Chúc</subfield>
   <subfield code="d">Chủ biên</subfield>
  </datafield>
  <datafield tag="245" ind1="1" ind2="0">
   <subfield code="a">Kinh tế y tế và Bảo hiểm y tế</subfield>
   <subfield code="b">: Sách đào tạo bác sĩ đa khoa</subfield>
   <subfield code="c">Nguyễn Thị Kim Chúc</subfield>
  </datafield>
  <datafield tag="260" ind1=" " ind2=" ">
   <subfield code="a">H.</subfield>
   <subfield code="b">Y học</subfield>
   <subfield code="c">2007</subfield>
  </datafield>
  <datafield tag="300" ind1=" " ind2=" ">
   <subfield code="a">110tr.</subfield>
   <subfield code="c">27cm</subfield>
  </datafield>
  <datafield tag="520" ind1="3" ind2=" ">
   <subfield code="a">Sách Kinh tế Y tế và Bảo hiểm Y tế được biên soạn dựa trên chương trình giáo dục đại học của Trường Đại học Y Hà Nội trên cơ sở chương trình khung đã được phê duyệt. Sách được các nhà giáo giàu kinh nghiệm và tâm huyết với công tác đào tạo biên soạn theo phương châm: Kiến thức cơ bản, hệ thống; nội dung chính xác, khoa học; cập nhật các tiến bộ khoa học kỹ thuật hiện đại và thực tiễn Việt Nam. </subfield>
  </datafield>
  <datafield tag="653" ind1=" " ind2=" ">
   <subfield code="a">Dược học</subfield>
  </datafield>
  <datafield tag="942" ind1=" " ind2=" ">
   <subfield code="2">ddc</subfield>
   <subfield code="c">BK</subfield>
  </datafield>
  <datafield tag="952" ind1=" " ind2=" ">
   <subfield code="0">0</subfield>
   <subfield code="1">0</subfield>
   <subfield code="2">ddc</subfield>
   <subfield code="4">0</subfield>
   <subfield code="6">338_400000000000000_CH506</subfield>
   <subfield code="7">0</subfield>
   <subfield code="9">7119</subfield>
   <subfield code="a">000001</subfield>
   <subfield code="b">000001</subfield>
   <subfield code="d">2018-04-17</subfield>
   <subfield code="o">338.4 Ch506</subfield>
   <subfield code="p">MD.12000</subfield>
   <subfield code="r">2018-04-17</subfield>
   <subfield code="v">24000.00</subfield>
   <subfield code="w">2018-04-17</subfield>
   <subfield code="y">BK</subfield>
  </datafield>
  <datafield tag="952" ind1=" " ind2=" ">
   <subfield code="0">0</subfield>
   <subfield code="1">0</subfield>
   <subfield code="2">ddc</subfield>
   <subfield code="4">0</subfield>
   <subfield code="6">338_400000000000000_CH506</subfield>
   <subfield code="7">0</subfield>
   <subfield code="9">7120</subfield>
   <subfield code="a">000001</subfield>
   <subfield code="b">000001</subfield>
   <subfield code="d">2018-04-17</subfield>
   <subfield code="o">338.4 Ch506</subfield>
   <subfield code="p">MD.12001</subfield>
   <subfield code="r">2018-04-17</subfield>
   <subfield code="v">24000.00</subfield>
   <subfield code="w">2018-04-17</subfield>
   <subfield code="y">BK</subfield>
  </datafield>
  <datafield tag="952" ind1=" " ind2=" ">
   <subfield code="0">0</subfield>
   <subfield code="1">0</subfield>
   <subfield code="2">ddc</subfield>
   <subfield code="4">0</subfield>
   <subfield code="6">338_400000000000000_CH506</subfield>
   <subfield code="7">0</subfield>
   <subfield code="9">7121</subfield>
   <subfield code="a">000001</subfield>
   <subfield code="b">000001</subfield>
   <subfield code="d">2018-04-17</subfield>
   <subfield code="o">338.4 Ch506</subfield>
   <subfield code="p">MD.12002</subfield>
   <subfield code="r">2018-04-17</subfield>
   <subfield code="v">24000.00</subfield>
   <subfield code="w">2018-04-17</subfield>
   <subfield code="y">BK</subfield>
  </datafield>
  <datafield tag="952" ind1=" " ind2=" ">
   <subfield code="0">0</subfield>
   <subfield code="1">0</subfield>
   <subfield code="2">ddc</subfield>
   <subfield code="4">0</subfield>
   <subfield code="6">338_400000000000000_CH506</subfield>
   <subfield code="7">0</subfield>
   <subfield code="9">7122</subfield>
   <subfield code="a">000001</subfield>
   <subfield code="b">000001</subfield>
   <subfield code="d">2018-04-17</subfield>
   <subfield code="o">338.4 Ch506</subfield>
   <subfield code="p">MD.12003</subfield>
   <subfield code="r">2018-04-17</subfield>
   <subfield code="v">24000.00</subfield>
   <subfield code="w">2018-04-17</subfield>
   <subfield code="y">BK</subfield>
  </datafield>
  <datafield tag="952" ind1=" " ind2=" ">
   <subfield code="0">0</subfield>
   <subfield code="1">0</subfield>
   <subfield code="2">ddc</subfield>
   <subfield code="4">0</subfield>
   <subfield code="6">338_400000000000000_CH506</subfield>
   <subfield code="7">0</subfield>
   <subfield code="9">7123</subfield>
   <subfield code="a">000001</subfield>
   <subfield code="b">000001</subfield>
   <subfield code="d">2018-04-17</subfield>
   <subfield code="o">338.4 Ch506</subfield>
   <subfield code="p">MD.12004</subfield>
   <subfield code="r">2018-04-17</subfield>
   <subfield code="v">24000.00</subfield>
   <subfield code="w">2018-04-17</subfield>
   <subfield code="y">BK</subfield>
  </datafield>
  <datafield tag="980" ind1=" " ind2=" ">
   <subfield code="a">Thư viện Trường Đại học Nam Cần Thơ</subfield>
  </datafield>
 </record>
</collection>
